Italienische Violinsonaten (Lp 642095 Aq) (Record no. 99589)
[ view plain ]
| 000 -LEADER | |
|---|---|
| fixed length control field | 02066njm a2200349Ia 4500 |
| 001 - CONTROL NUMBER | |
| control field | 23789 |
| 003 - CONTROL NUMBER IDENTIFIER | |
| control field | IT-RoPAU |
| 005 - DATE AND TIME OF LATEST TRANSACTION | |
| control field | 20220918181118.0 |
| 008 - FIXED-LENGTH DATA ELEMENTS--GENERAL INFORMATION | |
| fixed length control field | 131025s9999 xx 000 0 und d |
| 040 ## - CATALOGING SOURCE | |
| Original cataloging agency | IT-RoPAU |
| 040 ## - CATALOGING SOURCE | |
| Transcribing agency | IT-RoPAU |
| 999 ## - SYSTEM CONTROL NUMBERS (KOHA) | |
| Koha Dewey Subclass [OBSOLETE] | n.d. |
| 100 ## - MAIN ENTRY--PERSONAL NAME | |
| Personal name | AA.VV. |
| 9 (RLIN) | 794 |
| 100 ## - MAIN ENTRY--PERSONAL NAME | |
| Relator term | Autore musica |
| 9 (RLIN) | 5909 |
| 100 ## - MAIN ENTRY--PERSONAL NAME | |
| Miscellaneous information | Codice autore musica SPICS: 12000 |
| 9 (RLIN) | 796 |
| 245 ## - TITLE STATEMENT | |
| Title | Italienische Violinsonaten (Lp 642095 Aq) |
| 250 ## - EDITION STATEMENT | |
| Edition statement | 1a ed. |
| 260 ## - PUBLICATION, DISTRIBUTION, ETC. (IMPRINT) | |
| Place of publication, distribution, etc. | AMBURGO |
| 260 ## - PUBLICATION, DISTRIBUTION, ETC. (IMPRINT) | |
| Name of publisher, distributor, etc. | TELEFUNKEN - DECCA |
| Date of publication, distribution, etc. | 1969 [1a Ed.:1969] |
| 300 ## - PHYSICAL DESCRIPTION | |
| Extent | DISCO |
| 300 ## - PHYSICAL DESCRIPTION | |
| Dimensions | 43 minuti (Testo: pag.) |
| 500 ## - GENERAL NOTE | |
| General note | Musica strumentale. Violino |
| 505 ## - FORMATTED CONTENTS NOTE | |
| Formatted contents note | Sonata a due violini Tausend Gulden [(Bertali) (7:00)] - Sonata tertia detta la Moretta a 3 Aus libro 1 della Pavane, Gagliarde... (13:00) - Sonata in dialogo detta la viene [(Rossi) (5:00)] - Sonata per il violino e violone [(Cima) (4:00)] - Sonata a tre aus concerti ecclesiastici a una, due, tre, quattro voci con doi a cinque e uno a otto (3:00) - Sonata quarta a due soprani aus sonata concertante (6:00) - Sonata a tre [(F. Cavalli) (6:00)] |
| 650 ## - SUBJECT ADDED ENTRY--TOPICAL TERM | |
| Topical term or geographic name as entry element | STRUMENTALE [DISCHI] |
| Relator term | Codice MATERIA SPICS: 9950 |
| 9 (RLIN) | 828 |
| 700 ## - ADDED ENTRY--PERSONAL NAME | |
| Personal name | Bertali Antonio |
| Dates associated with a name | Codice autore musica SPICS: 13802 |
| Relator term | Autore musica |
| Name of part/section of a work | Sonata a due violini Tausend Gulden |
| 9 (RLIN) | 5910 |
| 700 ## - ADDED ENTRY--PERSONAL NAME | |
| Personal name | Farina Carlo |
| Dates associated with a name | Codice autore musica SPICS: 13803 |
| Relator term | Autore musica |
| Name of part/section of a work | Sonata tertia detta la Moretta a 3 Aus libro 1 della Pavane, Gagliarde... |
| 9 (RLIN) | 5911 |
| 700 ## - ADDED ENTRY--PERSONAL NAME | |
| Personal name | Rossi Salomone |
| Dates associated with a name | Codice autore musica SPICS: 13804 |
| Relator term | Autore musica |
| Name of part/section of a work | Sonata in dialogo detta la viene |
| 9 (RLIN) | 5912 |
| 700 ## - ADDED ENTRY--PERSONAL NAME | |
| Personal name | Cima Gian Paolo |
| Dates associated with a name | Codice autore musica SPICS: 13805 |
| Relator term | Autore musica |
| Name of part/section of a work | Sonata per il violino e violone - Sonata a tre aus concerti ecclesiastici a una, due, tre, quattro voci con doi a cinque e uno a otto |
| 9 (RLIN) | 5913 |
| 700 ## - ADDED ENTRY--PERSONAL NAME | |
| Personal name | Castillo Dario |
| Dates associated with a name | Codice autore musica SPICS: 13806 |
| Relator term | Autore musica |
| Name of part/section of a work | Sonata quarta a due soprani aus sonata concertante |
| 9 (RLIN) | 5914 |
| 700 ## - ADDED ENTRY--PERSONAL NAME | |
| Personal name | Lecocq Charles André |
| Dates associated with a name | Codice autore musica SPICS: 13807 |
| Relator term | Autore musica |
| Name of part/section of a work | Sonata a tre |
| 9 (RLIN) | 5915 |
| 942 ## - ADDED ENTRY ELEMENTS (KOHA) | |
| Koha item type | DISCHI |
| Source of classification or shelving scheme | Dewey Decimal Classification |
| Withdrawn status | Lost status | Damaged status | Not for loan | Home library | Current library | Date acquired | Total Checkouts | Full call number | Date last seen | Price effective from | Koha item type | Public note |
|---|---|---|---|---|---|---|---|---|---|---|---|---|
| Buone Condizioni | Not For Loan | SPICS-MEDIATECA | SPICS-MEDIATECA | 25/10/2013 | 23789 | 25/10/2013 | 25/10/2013 | DISCHI | Progr. Ins.: 4636 / N.Vol.: 1 / Copie: 1 - Copia rara: n.d. / date import: 01.01.2014 - By Epidotti, Trombetti, Vaglietti |